Database design using entity-relationship diagrams

Αποθηκεύτηκε σε:
Λεπτομέρειες βιβλιογραφικής εγγραφής
Κύριος συγγραφέας: Bagui, Sikha 1964-
Άλλοι συγγραφείς: Earp, Richard 1940-
Μορφή: Βιβλίο
Γλώσσα:English
Δημοσίευση: Boca Raton : Auerbach, c2003
Σειρά:Foundations of database design series
Θέματα:
Ετικέτες: Προσθήκη ετικέτας
Δεν υπάρχουν, Καταχωρήστε ετικέτα πρώτοι!

MARC

LEADER 00000nam a2200000 i 4500
001 1/50588
008 070803s2003 eng d
020 |a 0-8493-1548-4 
035 |l 10089495 
040 |a GR-MY-UA  |b gre  |e aacr 
041 0 |a eng 
082 0 |a 005.74  |2 (22) 
100 1 |a Bagui, Sikha  |d 1964- 
245 1 0 |a Database design using entity-relationship diagrams /  |c Sikha Bagui and Richard Earp 
260 |a Boca Raton :   |b Auerbach,   |c c2003 
300 |a xix, 242 σ.;  |b εικ.;  |c 26 εκ. 
490 1 |a Foundations of database design series 
504 |a Περιέχει βιβλιογραφικές αναφορές και ευρετήριο 
650 0 0 |a Database design. 
650 0 0 |a Relational databases. 
700 1 |a Earp, Richard  |d 1940- 
830 0 |a Foundations of database design series 
852 |a INST  |b SAMOS  |e 20070803  |h 005.74 BAG  |p 005300025566  |q 005300025566  |t BK  |y 0 
901 |a BIBL3-2007-2 
909 |a Σ  |b 137140 
922 |a 3ΕΛΗ  |b 200707  |c ΕΠΕΑΕΚ2/ΤΜΠΕΣ  |d ΠΑΠΑΣΩΤΗΡΙΟΥ 
970 |a ΚΟΣΙΕΡΗΣ  |b ΧΡΗΣΤΟΣ  |z 2007/08/03